Normale Ansicht MARC-Ansicht ISBD

Joy Milward - eine englische Stenotypistin auf der Potsdamer Konferenz/ (Titelsatznr. 80364)

[ MARC ]
MARC-Details
000 -Satzkennung
Kontrollfeld mit fester Länge 00630nam a2200181 4500
008 - Feld mit fester Länge zur physischen Beschreibung - Allgemeine Angaben
Kontrollfeld mit fester Länge 201207b ||||| |||| 00| 0 eng d
040 ## - Katalogisierungsquelle
Katalogisierungssprache ger
Übertragungsstelle STAFF
Beschreibungsfestlegungen rda
Original-Katalogisierungsstelle STAFF
041 ## - Sprachcode
Sprachcode des Textes/der Tonspur oder des separaten Titels ger
100 ## - Person oder Familie als 1. geistiger Schöpfer
Personenname Simmich, Matthias
245 ## - Titel
Haupttitel Joy Milward - eine englische Stenotypistin auf der Potsdamer Konferenz/
Verantwortlichkeitsangabe Matthias Simmich
600 ## - Nebeneintragung unter einem Schlagwort - Personenname
Personenname Milward, Joy
Datumsangaben in Verbindung mit einem Namen (geb. 1925)
600 ## - Nebeneintragung unter einem Schlagwort - Personenname
Personenname Hunter, Joy [späterer Name]
773 ## - Übergeordnete Einheit
Ort, Verlag und Erscheinungsjahr Berlin: Die Mark Brandenburg - Verlag für Regional- und Zeitgeschichte
Verknüpfungsangaben (2020) Sonderheft, S. 20-25
Titel Die Mark Brandenburg
942 ## - Zusätzliche Felder (Koha)
Koha-Medientyp Aufsätze
Exemplare
Ausgeschieden Verloren Beschädigt Nicht entleihbar Permanenter Standort Aktueller Standort Aufstellungsort Eingabedatum Jahrgang/Heft Inventarnummer Anzahl Ausleihen Signatur Letzte Aktivität Preis gültig von Medientyp
        Stadtarchiv Frankfurt (Oder) | Archivbibliothek Stadtarchiv Frankfurt (Oder) | Archivbibliothek Lesesaal 08/12/2020 Sonderheft/2020 30/2020   BbI 102 08/12/2020 08/12/2020 Aufsätze